000 00243nam a2200109Ia 4500
008 230724s1999 xx und d
041 _aeng
100 _aNARAYAN R.K.
245 _aWAITING FOR THE MAHATMA.
260 _c1999
300 _a256
999 _c1172970
_d1172970